000 00289nam a2200121Ia 4500
005 20251222152607.0
008 251222s9999||||xx |||||||||||||| ||spa||
082 _a468/R47
100 _aReyes, Graciela
245 0 _aComo Escribir Bien en EspaƱol
264 _bArco libros
942 _cLIB
999 _c26843
_d26843